Čierne tromfy v desiatich rukách

Bibliographic Details
Main Author: Drastich, Miloš, 1951-2017 (Author)
Format: Article
Language:Slovak
ISSN:0862-5999
Subjects:

MARC

LEADER 00000nab a2200000 a 4500
001 vtls000691095
003 SK-MaSNL
005 20260303193209.0
008 140422c1999 xo 0 slo
015 |a SNBRB1999/03-08343 
035 |a CLN000043262 
040 |a SNKBUCL  |b slo  |c SNKBUCL  |e AACR2 
041 0 |a slo 
044 |a xo  |c SK 
080 |a 78.071.2(048):784.66  |2 1997 
080 |a 784.66  |2 1997 
100 1 |a Drastich, Miloš,  |d 1951-2017  |4 aut  |9 234069 
245 1 0 |a Čierne tromfy v desiatich rukách  |c Miloš Drastich 
600 1 7 |a Lipa, Peter,  |d 1943-  |t Čierny Peter (Lipa)  |2 snkbucl  |9 1224179 
630 0 7 |a Čierny Peter (Lipa) (nahrávka CD)  |2 snkbucl  |9 1224180 
650 0 7 |a nahrávky CD  |2 snkbucl  |9 19639 
655 7 |a recenzie  |2 snkbucl  |9 21907 
655 7 |a články z novín a časopisov  |2 snkbucl  |9 267496 
773 0 |t Literárny týždenník  |g Roč. 12, č. 4 (1999), s. 14  |x 0862-5999 
850 |a Slovenská národná knižnica v Martine 
852 |a SNK  |b KIS3GCP 
992 |a RBX 
999 |c 2151021  |d 2152951